| 000 | 00942cam a22002655i 4500 | ||
|---|---|---|---|
| 999 |
_c28695 _d28666 |
||
| 001 | 016557845 | ||
| 003 | EG-ScBUE | ||
| 005 | 20200908150042.0 | ||
| 008 | 131025s2014 enka f b 001 0 eng d | ||
| 020 | _a9780500239117 (hbk.) | ||
| 040 |
_aStDuBDS _beng _erda _cStDuBDS _dUk _dEG-ScBUE |
||
| 082 | 0 | 4 |
_a709.040074 _bHOF _222 |
| 100 | 1 |
_aHoffmann, Jens, _d1972- _eauthor. _934672 |
|
| 245 | 1 | 0 |
_aShow time : _bthe 50 most influential exhibitions of contemporary art / _cJens Hoffmann. |
| 264 | 1 |
_aLondon : _bThames & Hudson, _c2014. |
|
| 300 |
_a256 pages : _billustrations (black and white, and colour) ; _c27 cm |
||
| 336 |
_atext _btxt _2rdacontent |
||
| 336 |
_astill image _btxt _2rdacontent |
||
| 337 |
_aunmediated _bn _2rdamedia |
||
| 338 |
_avolume _bnc _2rdacarrier |
||
| 504 | _aIncludes bibliographical references and index. | ||
| 650 | 7 |
_aArt, Modern _vExhibitions. _2BUEsh |
|
| 653 |
_bCOMAME _bGGEN _cSeptember2020 |
||
| 942 |
_2ddc _cBB |
||